000 00532nam a2200193Ia 4500
001 32193
008 140417s9999 xx 000 0 und d
020 _a81-317-0186-7
040 _cPK-LaUMT
082 _a 657.076
_bTUL-Q
100 _aPandey, Vishal
245 _aQuantitative techniques
_btheory and problems
_cPandey, Vishal<>Tulsian, P. C.
260 _aDelhi,India:
_bPearson Education,
_c2006
300 _avar p.
546 _aEN
650 _aAccofunting-Mathematical models
700 _aTulsian, P. C.
942 _cBK
999 _c31954
_d31954